| 000 | 00701nam a22002057a 4500 | ||
|---|---|---|---|
| 003 | OSt | ||
| 005 | 20231101184658.0 | ||
| 008 | 221006b |||||||| |||| 00| 0 eng d | ||
| 040 | _cBiblioteca Lado V | ||
| 082 |
_a700 _bC117b |
||
| 100 |
_91205 _aCabrera Leiva, Guillermo |
||
| 245 | _aBoletín de artes visuales/ | ||
| 260 |
_c2006 _aWashington _bSecretaría General de la Organización de los Estados Americanos |
||
| 300 |
_c21 x 27.5 cm _a139 p. |
||
| 490 | _a20 | ||
| 650 |
_2Tesauro de Arte & Arquitectura _aARTE |
||
| 650 |
_2Tesauro de Arte & Arquitectura _aARTES VISUALES _9703 |
||
| 650 |
_2Tesauro de Arte & Arquitectura _aBOLETIN |
||
| 942 |
_2ddc _c1 _h700 _iC117b _n0 |
||
| 999 |
_c4555 _d4555 |
||